000 00707nam a2200229 a 4500
001 BRCA_2620
005 20190320203908.0
008 281108s1920----gw-a---###---#000-0#ger-u
050 4 _aND653
_b.G73R46 1920
100 1 _aGraul, Richard
_97472
245 1 0 _aRembrandt
_bI. Teil, Die Radierungen
_cvon Richard Graul.
260 _aLeipzig, Alemania
_bKlinkhardt & Biermann
_c1920
300 _axv, 85 p.
_bil.
_c30 cm.
440 0 _aMeister de Graphik
_v8
_97473
500 _aIncluye índice de grabados.
500 _aA77
600 1 4 _aRembrandt, Harmenszoon van Rijn
_d1607-1669
_97357
650 1 4 _aPintores holandeses
_97474
650 1 4 _aGrabadores holandeses
_97366
902 _aGFM
942 _2lcc
_cB
999 _c2360
_d2360